<?xml version="1.0" encoding="UTF-8"?><?xml-stylesheet type="text/xsl" href="static/style.xsl"?><OAI-PMH xmlns="http://www.openarchives.org/OAI/2.0/" xmlns:xsi="http://www.w3.org/2001/XMLSchema-instance" xsi:schemaLocation="http://www.openarchives.org/OAI/2.0/ http://www.openarchives.org/OAI/2.0/OAI-PMH.xsd"><responseDate>2026-04-17T20:42:08Z</responseDate><request verb="GetRecord" identifier="oai:riubu.ubu.es:10259/9079" metadataPrefix="marc">https://riubu.ubu.es/oai/request</request><GetRecord><record><header><identifier>oai:riubu.ubu.es:10259/9079</identifier><datestamp>2024-04-30T00:05:21Z</datestamp><setSpec>com_10259_7613</setSpec><setSpec>com_10259_5086</setSpec><setSpec>com_10259_2604</setSpec><setSpec>com_10259_8878</setSpec><setSpec>com_10259_4846</setSpec><setSpec>com_10259_7354</setSpec><setSpec>com_10259_7353</setSpec><setSpec>col_10259_9080</setSpec><setSpec>col_10259_9075</setSpec><setSpec>col_10259_7145</setSpec><setSpec>col_10259_7389</setSpec></header><metadata><record xmlns="http://www.loc.gov/MARC21/slim" xmlns:doc="http://www.lyncode.com/xoai" xmlns:xsi="http://www.w3.org/2001/XMLSchema-instance" xmlns:dcterms="http://purl.org/dc/terms/" xsi:schemaLocation="http://www.loc.gov/MARC21/slim http://www.loc.gov/standards/marcxml/schema/MARC21slim.xsd">
<leader>00925njm 22002777a 4500</leader>
<datafield tag="042" ind1=" " ind2=" ">
<subfield code="a">dc</subfield>
</datafield>
<datafield tag="720" ind1=" " ind2=" ">
<subfield code="a">Díez Abad, Gloria</subfield>
<subfield code="e">author</subfield>
</datafield>
<datafield tag="720" ind1=" " ind2=" ">
<subfield code="a">Ortega Sánchez, Delfín</subfield>
<subfield code="e">author</subfield>
</datafield>
<datafield tag="260" ind1=" " ind2=" ">
<subfield code="c">2024-02</subfield>
</datafield>
<datafield tag="520" ind1=" " ind2=" ">
<subfield code="a">Este monográfico centra su interés en la figura y obra del editor y escritor de cuentos, libros y manuales escolares Saturnino Calleja, en el análisis de su contexto socioeducativo y editorial, y en sus aportaciones a la consolidación de la Educación Primaria. Asimismo, busca visibilizar y poner en valor el legado museístico y pedagógico de este insigne burgalés, fundamental en la historia de la educación iberoamericana. A partir de la recuperación de nuestro patrimonio editorial y educativo más cercano, los estudios, aquí reunidos, ofrecen recursos e instrumentos teórico-prácticos específicos para pensar el presente, a través del uso eficaz y operativo de la memoria histórico-educativa en la formación docente.</subfield>
</datafield>
<datafield tag="024" ind2=" " ind1="8">
<subfield code="a">978-84-18465-62-8</subfield>
</datafield>
<datafield tag="024" ind2=" " ind1="8">
<subfield code="a">http://hdl.handle.net/10259/9079</subfield>
</datafield>
<datafield tag="024" ind2=" " ind1="8">
<subfield code="a">10.36443/9788418465628</subfield>
</datafield>
<datafield ind1=" " ind2=" " tag="653">
<subfield code="a">Saturnino Calleja</subfield>
</datafield>
<datafield ind1=" " ind2=" " tag="653">
<subfield code="a">Memoria histórico-educativo</subfield>
</datafield>
<datafield ind1=" " ind2=" " tag="653">
<subfield code="a">Manualística escolar</subfield>
</datafield>
<datafield ind1=" " ind2=" " tag="653">
<subfield code="a">Historia de la educación iberoamericana</subfield>
</datafield>
<datafield ind1=" " ind2=" " tag="653">
<subfield code="a">Educación literaria</subfield>
</datafield>
<datafield ind1=" " ind2=" " tag="653">
<subfield code="a">Educación patrimonial</subfield>
</datafield>
<datafield tag="245" ind1="0" ind2="0">
<subfield code="a">Un mundo entre libros: Saturnino Calleja y editores castellanos coetáneos. Aportaciones educativas y museísticas</subfield>
</datafield>
</record></metadata></record></GetRecord></OAI-PMH>